000 00724cam a22002531 4500
001 sa 67004259
003 DLC
005 20260227112345.0
008 780930s1967 ii b 000 0 eng
010 _asa 67004259
025 _aPL480:I-E-7491
035 _a(OCoLC)4259169
040 _aDLC
_cMH
_dDLC
042 _apremarc
050 0 0 _aDS480.84
_b.B277
082 _a309.1/54
100 1 _aBarve, Sadashiv Govind,
_d1914-1967.
245 1 0 _aFreedom and organisation
_c[by] S. G. Barve.
260 _aBombay,
_bPopular Prakashan
_c[1967]
300 _avi, 239 p.
_c23 cm.
504 _aBibliographical footnotes.
651 0 _aIndia
_xPolitics and government
_y1947-
651 0 _aIndia
_xEconomic conditions
_y1947-
999 _c74342
_d74342